00770nam a2200241Ia 4500008004100000020001800041050000800059050001500067100002100082245002600103245008100129260001900210260002600229260000900255300002300264300002100287300001100308440001900319650002500338650003400363999001900397952011200416160319s9999 xx 000 0 und d a9789710112210 a649 bF267r 2010 aFaust, Rose Fres a Raising Pinoy boys / c written by a mom of 3 boys, Rose Fres-Fausto ; foreword by Honey Carandang. aQuezon City :  bCentral Book Supply,  c2010 a iii, 183 pages :  billustrations ;  c23 cm. aCentral books. aBoys -- Philippines. aChild rearing -- Philippines. c292155d292155 001040aSSISBbSSISBcFILd2016-03-19l0oFil 649 F267r 2010pUS 1452r2016-03-19 00:00:00w2016-03-19yBK